|
|
|
|
| LEADER |
00000nas a2200000 a 4500 |
| 001 |
ssj0000547145 |
| 003 |
WaSeSS |
| 005 |
20200512172242.0 |
| 006 |
m d |
| 007 |
cr n |
| 008 |
070831c20079999dcuqx p s | a0eng |
| 010 |
|
|
|a 2007212315
|
| 022 |
|
|
|l 1939-7283
|y 1939-7283
|
| 032 |
|
|
|a 6800
|b USPS
|
| 035 |
|
|
|a (WaSeSS)ssj0000547145
|
| 037 |
|
|
|b National Association for the Education of Young Children, 1313 L St., NW, Ste. 500, Washington, DC 20005
|
| 040 |
|
|
|a NSD
|b eng
|c NSD
|d DLC
|d OCLCQ
|d DLC
|d CUS
|d OCLCF
|d OCLCO
|d JDP
|d OCLCO
|d NJT
|d WaSeSS
|
| 042 |
|
|
|a pcc
|a nsdp
|
| 043 |
|
|
|a n-us---
|
| 050 |
0 |
0 |
|a LB1140.23
|b .T43
|
| 082 |
1 |
0 |
|a 372
|2 14
|
| 130 |
0 |
|
|a Teaching young children (Washington, D.C.)
|
| 222 |
|
0 |
|a Teaching young children
|b (Washington, D.C.)
|
| 245 |
1 |
0 |
|a Teaching young children
|h [electronic resource].
|
| 246 |
1 |
3 |
|a Teaching young children preschool
|
| 246 |
1 |
3 |
|a TYC
|
| 260 |
|
|
|a Washington, DC :
|b National Association for the Education of Young Children
|
| 310 |
|
|
|a Five no. a year
|
| 362 |
1 |
|
|a Began with v. 1, no. 1 (Nov. 2007).
|
| 506 |
|
|
|a License restrictions may limit access.
|
| 588 |
|
|
|a Description based on first issue; title from cover.
|
| 588 |
|
|
|a Latest issue consulted: Vol. 5, no. 1 (Oct./Nov. 2011) (Surrogate).
|
| 650 |
|
0 |
|a Education, Preschool
|z United States
|v Periodicals.
|
| 650 |
|
7 |
|a Education, Preschool.
|2 fast
|0 (OCoLC)fst00903161
|
| 651 |
|
7 |
|a United States.
|2 fast
|0 (OCoLC)fst01204155
|
| 655 |
|
0 |
|a Electronic journals.
|
| 710 |
2 |
|
|a National Association for the Education of Young Children.
|
| 850 |
|
|
|a DLC
|
| 856 |
4 |
0 |
|z Full text available from Research Library: 10/01/2011 to present
|u https://search.proquest.com/publication/2027470
|